[Event "Titled Tue 20th May Late"]
[Site "chess.com INT"]
[Date "2025.05.20"]
[Round "3"]
[White "Ermolaev, Evgeny"]
[Black "Bernabeu Lopez, Carlos Javier"]
[Result "0-1"]
[WhiteTitle "FM"]
[BlackTitle "FM"]
[WhiteElo "2282"]
[BlackElo "2402"]
[WhiteFideId "24103195"]
[BlackFideId "2235366"]
[EventDate "2025.05.20"]

1. d4 Nf6 2. c4 e6 3. Nf3 Bb4+ 4. Bd2 a5 5. g3 O-O 6. Bg2 Qe7 7. O-O Bxd2 8.
Qxd2 d6 9. Nc3 e5 10. Rac1 Nc6 11. Nd5 Qd8 12. Ng5 Nxd4 13. e3 Nxd5 14. exd4 Nf6
15. Rfd1 Bg4 16. Re1 h6 17. Ne4 Nxe4 18. Bxe4 c6 19. Qc3 f5 20. Bg2 e4 21. h3
Bh5 22. g4 fxg4 23. Rxe4 gxh3 24. Qxh3 Bf3 25. Re3 Bxg2 26. Qxg2 Qh4 27. Rce1
Rf7 28. Rg3 Raf8 29. Re2 Qxd4 30. Kh2 Qxc4 31. Rd2 d5 32. b3 Qe4 33. Qg1 Qh4+
34. Kg2 Qf4 35. Re2 Kh7 36. Qf1 Rf5 37. Qe1 Rg5 38. Re3 Rxg3+ 39. Rxg3 Qe4+ 40.
Qxe4+ dxe4 41. Re3 Rf4 42. Rc3 g6 43. Rc5 Rf5 44. Rc4 Re5 45. Kg3 g5 46. Kg4 Kg6
47. b4 h5+ 48. Kg3 axb4 49. Rxb4 b5 50. a4 Kf5 51. a5 h4+ 52. Kg2 Re7 53. Rb2
Ra7 54. Rc2 Ra6 55. Rc5+ Kf4 56. Rc1 g4 57. Rc5 h3+ 58. Kh2 b4 59. Rc4 b3 60.
Rb4 Rxa5 61. Rxb3 Ra2 62. Kg1 Ra1+ 63. Kh2 Rc1 64. Rb2 Rc3 65. Re2 c5 66. Rd2
Rd3 67. Ra2 c4 68. Rc2 c3 69. Ra2 Rd2 70. Ra8 Rxf2+ 71. Kg1 Rd2 72. Rf8+ Ke3 73.
Rc8 c2 74. Rc3+ Ke2 75. Kh2 Kd1+ 76. Kg1 c1=Q 77. Re3 Kc2+ 78. Re1 Qxe1# 0-1

[Event "Titled Tue 20th May Late"]
[Site "chess.com INT"]
[Date "2025.05.20"]
[Round "3"]
[White "Bratovic, Blaz"]
[Black "Alfaro, William"]
[Result "1-0"]
[WhiteTitle "IM"]
[BlackTitle "FM"]
[WhiteElo "2319"]
[BlackElo "2077"]
[WhiteFideId "14603551"]
[BlackFideId "6100457"]
[EventDate "2025.05.20"]

1. e4 c5 2. Nf3 Nf6 3. Nc3 Nc6 4. d4 cxd4 5. Nxd4 d6 6. Bg5 e6 7. Qd2 Be7 8.
O-O-O a6 9. f4 Bd7 10. Nf3 b5 11. Bxf6 gxf6 12. Kb1 Qb6 13. f5 h5 14. g3 Ne5 15.
Nd4 Rc8 16. fxe6 fxe6 17. Bh3 Kf7 18. Rhf1 Ng4 19. Nce2 Rc5 20. Nf3 b4 21. Nf4
a5 22. Nd3 Rb5 23. e5 Ke8 24. exf6 Bxf6 25. Rde1 Bc3 26. Qe2 Bxe1 27. Rxe1 Kd8
28. Qe4 Rf8 29. Bxg4 hxg4 30. Qxg4 a4 31. Nd4 b3 32. Nxe6+ Bxe6 33. Qxe6 bxc2+
34. Kxc2 Qc6+ 35. Kb1 Re8 36. Qf6+ Kd7 37. Qf7+ Kd8 38. Qf6+ Kc7 39. Rc1 Rc5 40.
Nxc5 dxc5 41. Qf4+ Kb6 42. Qc4 Re4 43. Qc2 Qg6 44. Ka1 Qe6 45. Qc3 Qe5 46. Qc4
Re2 47. Rb1 Kc6 48. Qxa4+ Kd5 49. Qd1+ Ke6 50. Qb3+ Kf5 51. a3 Kg4 52. Qd1 Kh3
53. Qf1+ Kxh2 54. Qh1+ Kxg3 55. Rg1+ Kf4 56. Qh4+ Ke3 57. Qh3+ Kd2 58. Qh6+ Kc2
59. Rc1+ Kb3 60. Qb6+ 1-0

[Event "Titled Tue 20th May Late"]
[Site "chess.com INT"]
[Date "2025.05.20"]
[Round "3"]
[White "Caruana, Fabiano"]
[Black "Ragger, Markus"]
[Result "1-0"]
[WhiteTitle "GM"]
[BlackTitle "GM"]
[WhiteElo "2776"]
[BlackElo "2566"]
[WhiteFideId "2020009"]
[BlackFideId "1610856"]
[EventDate "2025.05.20"]

1. e4 e5 2. Nc3 Nf6 3. a3 Nc6 4. d3 Bc5 5. Nf3 a5 6. Nxe5 Nxe5 7. d4 Bd6 8. f4
Neg4 9. e5 Be7 10. Be2 d6 11. exf6 Nxf6 12. O-O O-O 13. d5 Re8 14. Be3 Nd7 15.
Bb5 Bf6 16. Qf3 Bxc3 17. bxc3 Re7 18. Bd4 Nf6 19. Bxf6 gxf6 20. Bd3 Qf8 21. Rae1
Rxe1 22. Rxe1 Bd7 23. Qh5 h6 24. Re3 Re8 25. Rg3+ Kh8 26. Qh4 f5 27. Qf6+ Kh7
28. h3 Re1+ 29. Kh2 Ra1 30. Bxf5+ Bxf5 31. Qxf5+ Kh8 32. Qf6+ Kh7 33. c4 Re1 34.
Qf5+ Kh8 35. Qf6+ Kh7 36. Qc3 Re4 37. Qf6 Rxc4 38. Qf5+ Kh8 39. Re3 Rc5 40. Qf6+
Kg8 41. Qf5 Kh8 42. a4 Rc4 43. Qf6+ Kg8 44. Qf5 Kh8 45. Qd7 Kg8 46. Re8 Rc5 47.
Rxf8+ Kxf8 48. f5 Rxc2 49. f6 b6 50. Qd8# 1-0

[Event "Titled Tue 20th May Late"]
[Site "chess.com INT"]
[Date "2025.05.20"]
[Round "3"]
[White "Materia, Marco"]
[Black "Fishbein, Alexander"]
[Result "1-0"]
[WhiteTitle "IM"]
[BlackTitle "GM"]
[WhiteElo "2489"]
[BlackElo "2377"]
[WhiteFideId "45150451"]
[BlackFideId "2000377"]
[EventDate "2025.05.20"]

1. Nf3 Nf6 2. c4 g6 3. Nc3 Bg7 4. d4 d6 5. Bg5 O-O 6. e3 h6 7. Bh4 Bf5 8. Nd2 g5
9. Bg3 Nc6 10. h4 e5 11. d5 Ne7 12. hxg5 hxg5 13. Be2 c6 14. Qb3 Qb6 15. e4 Bg6
16. Qa3 c5 17. f3 Nd7 18. Bf2 f5 19. exf5 Nxf5 20. Bd3 Qb4 21. Qxb4 cxb4 22.
Nce4 Nd4 23. O-O-O g4 24. fxg4 Nc5 25. Nxc5 Rxf2 26. Nde4 Rxg2 27. Nxb7 Ne2+ 28.
Kb1 Nf4 29. Nec5 dxc5 30. Bxg6 Nxg6 31. d6 Nf8 32. d7 Nxd7 33. Rxd7 e4 34. Rh5
Rxb2+ 35. Kc1 Rxa2 36. Rg5 Ra1+ 37. Kc2 Ra2+ 38. Kd1 Ra1+ 39. Ke2 Ra2+ 40. Ke3
Ra3+ 41. Kxe4 Re8+ 42. Kf4 Rf8+ 43. Ke4 Re8+ 44. Kd5 Rd3+ 45. Kc6 Rxd7 46. Kxd7
Re4 47. Nxc5 Rxc4 48. Ne6 Kf7 49. Rxg7+ Kf6 50. g5+ Ke5 51. Rf7 b3 52. Rf3 Rg4
53. Rxb3 a5 54. Rb5+ Ke4 55. Rxa5 1-0

[Event "Titled Tue 20th May Late"]
[Site "chess.com INT"]
[Date "2025.05.20"]
[Round "3"]
[White "Anciaux, Adrien"]
[Black "Baskakov, Egor"]
[Result "0-1"]
[WhiteTitle "FM"]
[BlackTitle "CM"]
[WhiteElo "2207"]
[BlackElo "2215"]
[WhiteFideId "257931"]
[BlackFideId "24197866"]
[EventDate "2025.05.20"]

1. d4 Nf6 2. c4 e6 3. g4 Nxg4 4. e4 Nf6 5. e5 Ng8 6. Bd3 d6 7. Nf3 Ne7 8. Nc3
Nbc6 9. exd6 cxd6 10. Qe2 Ng6 11. h4 Be7 12. h5 Nh4 13. Nxh4 Bxh4 14. Be3 Bf6
15. d5 Nb4 16. a3 Nxd3+ 17. Qxd3 O-O 18. O-O-O e5 19. h6 g6 20. Kb1 Bf5 21. Ne4
Be7 22. Ka1 Rc8 23. f3 Qd7 24. c5 dxc5 25. d6 Bd8 26. Qd5 Bxe4 27. fxe4 Qe6 28.
Qxb7 Bb6 29. Qd5 Rcd8 30. Rhf1 Qxd5 31. Rxd5 f5 32. Bg5 fxe4 33. Rxf8+ Rxf8 34.
d7 Bd8 35. Rxe5 Kf7 36. Be3 Bf6 37. Rxe4 Rd8 38. Bxc5 Rxd7 39. Be3 g5 40. Ka2
Kg6 41. Re6 Kf5 42. Ra6 g4 43. b4 g3 44. b5 g2 45. Rxa7 Rd3 46. Bb6 Rd6 47. Bc5
Rd5 48. Be3 Rxb5 49. Rxh7 Re5 50. Bb6 Re2+ 51. Kb3 Rb2+ 0-1

[Event "Titled Tue 20th May Late"]
[Site "chess.com INT"]
[Date "2025.05.20"]
[Round "3"]
[White "Zou, Chen"]
[Black "Deac, Bogdan-Daniel"]
[Result "0-1"]
[WhiteTitle "IM"]
[BlackTitle "GM"]
[WhiteElo "2443"]
[BlackElo "2668"]
[WhiteFideId "8610959"]
[BlackFideId "1226380"]
[EventDate "2025.05.20"]

1. Nf3 d5 2. d4 Nf6 3. c4 e6 4. Nc3 dxc4 5. e3 a6 6. a4 c5 7. Bxc4 Nc6 8. O-O
Be7 9. Qe2 O-O 10. Rd1 Qc7 11. d5 exd5 12. Bxd5 Rd8 13. h3 Nb4 14. Bc4 Be6 15.
Bxe6 fxe6 16. Bd2 Nd3 17. Be1 c4 18. Nd4 Qc8 19. Rab1 e5 20. Nf3 e4 21. Nd2 Qc6
22. b3 Bb4 23. Na2 Bxd2 24. Rxd2 cxb3 25. Rxb3 Rac8 26. Nc3 Nc1 27. Qd1 Rxd2 28.
Qxc1 Rd7 29. Qb1 h6 30. a5 Rcc7 31. Rb6 Qc4 32. Rb4 Qd3 33. Qa2+ Kh7 34. Qb2 Rc4
35. Rb6 Rc6 36. Rxc6 bxc6 37. Qb6 Qc4 38. Qb2 Rd3 39. Qc2 Qc5 40. Qb2 Qxa5 41.
Qc1 Qc5 42. Qa1 Qc4 43. Ne2 c5 44. Nf4 Rd6 45. Qe5 Rd1 46. Qf5+ Kg8 47. Qc8+ Kf7
48. Qb7+ Rd7 49. Qb8 Qb5 50. Qa8 Qb7 51. Qc8 Qxc8 0-1

[Event "Titled Tue 20th May Late"]
[Site "chess.com INT"]
[Date "2025.05.20"]
[Round "3"]
[White "Martin Fuentes, Alberto"]
[Black "Barrientos, Ernesto"]
[Result "1-0"]
[WhiteTitle "FM"]
[BlackTitle "CM"]
[WhiteElo "2376"]
[BlackElo "2027"]
[WhiteFideId "2292289"]
[BlackFideId "3701247"]
[EventDate "2025.05.20"]

1. e4 c5 2. Nc3 a6 3. g3 b5 4. d3 Bb7 5. Bg2 e6 6. Nh3 b4 7. Ne2 d5 8. O-O dxe4
9. Ng5 Nf6 10. Nxe4 Nxe4 11. Bxe4 Bxe4 12. dxe4 Nc6 13. Qxd8+ Rxd8 14. a3 a5 15.
axb4 cxb4 16. Be3 Be7 17. Bb6 Ra8 18. f4 Ra6 19. Be3 O-O 20. b3 Rd8 21. Rfd1
Rxd1+ 22. Rxd1 a4 23. bxa4 Rxa4 24. Rd7 Ra1+ 25. Kf2 Ra2 26. Rd2 g6 27. Ke1 Na5
28. Rd7 Ra1+ 29. Kf2 Bf8 30. Rd8 Nc6 31. Rc8 Ne7 32. Re8 f6 33. Bc5 Kf7 34. Rb8
Ra2 35. Bxb4 Rxc2 36. h4 Rb2 37. Kf3 Nc6 38. Rxf8+ Kg7 39. Re8 Nxb4 40. Rxe6
Rb3+ 41. Kg2 Nc2 42. Rc6 Ne3+ 43. Kf3 Nd1+ 44. Kg2 Re3 45. Rc7+ Kg8 46. Nd4 Rxe4
47. Nc6 Re6 48. Kf3 Ne3 49. g4 Nd5 50. f5 Nxc7 51. fxe6 Nxe6 52. Ke4 Kg7 53. Nb4
Nc5+ 54. Kd5 Nd3 55. Nxd3 f5 56. g5 h6 57. Nf4 hxg5 58. hxg5 Kf7 59. Ke5 Kg7 60.
Ke6 Kh7 61. Kf6 Kh8 62. Nxg6+ Kg8 63. Nf4 Kh7 64. Kxf5 Kg8 65. g6 Kg7 66. Kg5
Kg8 67. Kf6 Kf8 68. Ne6+ Kg8 69. g7 Kh7 70. Kf7 Kh6 71. g8=Q Kh5 72. Qg3 Kh6 73.
Qg5+ Kh7 74. Qg7# 1-0

[Event "Titled Tue 20th May Late"]
[Site "chess.com INT"]
[Date "2025.05.20"]
[Round "3"]
[White "Harish, Neeraj"]
[Black "Lezcano, Gustavo"]
[Result "1-0"]
[WhiteTitle "CM"]
[WhiteElo "2192"]
[BlackElo "2007"]
[WhiteFideId "30958130"]
[BlackFideId "103306"]
[EventDate "2025.05.20"]

1. c4 e5 2. g3 Nc6 3. Bg2 g6 4. Nc3 Bg7 5. Nf3 d6 6. O-O f5 7. d3 Nge7 8. Rb1 a5
9. a3 O-O 10. Ne1 h6 11. b4 axb4 12. axb4 g5 13. b5 Nb8 14. Nc2 Nd7 15. Nb4 f4
16. Nbd5 Nf6 17. Nxf6+ Bxf6 18. Ne4 Bg7 19. Bb2 Be6 20. Ra1 Qd7 21. Qd2 Rxa1 22.
Rxa1 fxg3 23. hxg3 d5 24. Nc5 Qc8 25. Nxe6 Qxe6 26. cxd5 Nxd5 27. Rc1 c6 28.
bxc6 bxc6 29. Qc2 Rf6 30. Qc4 Ne7 31. Qxe6+ Rxe6 32. Rc5 Kf7 33. Be4 Bf8 34. Kg2
Kf6 35. f4 Ng6 36. fxe5+ Nxe5 37. Bxe5+ Rxe5 38. Rxc6+ Re6 39. Rxe6+ Kxe6 40.
Kf3 Ke5 41. e3 Bd6 42. d4+ Kf6 43. Kg4 Bc7 44. Bd3 Bd6 45. e4 Bc7 46. e5+ Ke6
47. Bf5+ Ke7 48. Kh5 Bb6 49. d5 1-0

[Event "Titled Tue 20th May Late"]
[Site "chess.com INT"]
[Date "2025.05.20"]
[Round "3"]
[White "Bouska, Jiri"]
[Black "Goltsev, Dmitry"]
[Result "1-0"]
[WhiteTitle "FM"]
[BlackTitle "FM"]
[WhiteElo "2318"]
[BlackElo "2183"]
[WhiteFideId "23722223"]
[BlackFideId "24176710"]
[EventDate "2025.05.20"]

1. e4 e6 2. d4 d5 3. exd5 exd5 4. Nf3 Nf6 5. Bd3 c5 6. O-O Nc6 7. Re1+ Be7 8.
dxc5 O-O 9. Nc3 Bxc5 10. Bg5 Bg4 11. h3 Bh5 12. Bxf6 Qxf6 13. Nxd5 Qxb2 14.
Bxh7+ Kh8 15. Bd3 Rad8 16. Nf4 Bg6 17. Nxg6+ fxg6 18. Qd2 Qf6 19. Rab1 b6 20.
Re4 Rf7 21. Qe2 Nd4 22. Nxd4 Bxd4 23. Rf1 Rdf8 24. Bc4 Bxf2+ 25. Kh1 Rc7 26. Bd3
Rc5 27. Re6 Qh4 28. Rxg6 Rcc8 29. Rg4 Qf6 30. Qe4 Qh6 31. Rxf2 Rxf2 32. Rh4 Rf6
33. Rxh6+ Rxh6 34. Qf5 Rd8 35. Kh2 a5 36. a4 Rb8 37. g4 Rd8 38. g5 Rh4 39. g6
Rh6 40. Qg5 Rf8 41. h4 Rf2+ 42. Kg3 Rf8 43. h5 Rc8 44. Kg4 Rd8 45. Qe5 Rf8 46.
Qe7 Rb8 47. c4 Rc8 48. Qe6 Rd8 49. Be4 Rb8 50. Qd6 Re8 51. Qxb6 Rxe4+ 52. Kf5
Re8 53. Kg4 Re4+ 54. Kf3 Re8 55. Qb5 Rf8+ 56. Kg4 Rd8 57. Qe5 Rb8 58. Qxb8# 1-0

[Event "Titled Tue 20th May Late"]
[Site "chess.com INT"]
[Date "2025.05.20"]
[Round "3"]
[White "Sieciechowicz, Marcin"]
[Black "Xiong, Jeffery"]
[Result "0-1"]
[WhiteTitle "IM"]
[BlackTitle "GM"]
[WhiteElo "2410"]
[BlackElo "2636"]
[WhiteFideId "1130170"]
[BlackFideId "2047640"]
[EventDate "2025.05.20"]

1. d4 Nf6 2. c4 e6 3. Nc3 d5 4. cxd5 exd5 5. Bg5 Be7 6. e3 h6 7. Bh4 O-O 8. Bd3
Re8 9. Nf3 c6 10. O-O Ne4 11. Bxe7 Qxe7 12. Qc2 Nd7 13. Nd2 Ndf6 14. Nf3 Ng4 15.
h3 Ngf6 16. Ne5 Nd6 17. Rab1 a5 18. Na4 Nd7 19. Nxd7 Bxd7 20. Qc5 Bf5 21. Bxf5
Nxf5 22. Qxe7 Rxe7 23. Nc5 Nd6 24. Rfc1 a4 25. b3 a3 26. Nd3 g5 27. g3 Kg7 28.
Kg2 Nb5 29. Ne5 f6 30. Nd3 h5 31. Rc2 Kg6 32. Rh1 Kf5 33. h4 Rh8 34. Nc5 Kg6 35.
Kf3 Rhe8 36. hxg5 fxg5 37. Nd3 Re4 38. Ne5+ Kf5 39. Kg2 h4 40. gxh4 Rxh4 41.
Rcc1 Reh8 42. Rxh4 Rxh4 43. f3 Nxd4 44. exd4 Rxd4 45. Nxc6 Rd2+ 46. Kg3 bxc6 47.
Rxc6 Rxa2 48. Ra6 Ra1 49. b4 a2 50. Kg2 d4 51. b5 d3 52. b6 d2 53. Ra5+ Kg6 54.
b7 d1=Q 55. Ra6+ Kh5 56. b8=Q Qh1+ 57. Kf2 Rf1+ 58. Ke2 Qxf3+ 59. Kd2 Rd1+ 60.
Kc2 Qd3+ 61. Kb2 Qb1+ 62. Kc3 Qxb8 0-1

[Event "Titled Tue 20th May Late"]
[Site "chess.com INT"]
[Date "2025.05.20"]
[Round "3"]
[White "Martin Barcelo, Carles"]
[Black "Ribeiro, Matheus Mendes Domingues"]
[Result "0-1"]
[WhiteTitle "FM"]
[BlackTitle "FM"]
[WhiteElo "2290"]
[BlackElo "2294"]
[WhiteFideId "24561444"]
[BlackFideId "324226923"]
[EventDate "2025.05.20"]

1. Nf3 d5 2. e3 c5 3. b3 Nf6 4. Bb2 Nc6 5. Ne5 e6 6. Nxc6 bxc6 7. d3 Bd6 8. g3
O-O 9. Bg2 e5 10. c4 Re8 11. O-O Bf5 12. Nc3 d4 13. Na4 Qd7 14. e4 Bh3 15. Ba3
Bxg2 16. Kxg2 Qe7 17. f4 Nd7 18. Qg4 Nb6 19. Nb2 a5 20. f5 a4 21. f6 Qf8 22.
Nxa4 Nxa4 23. bxa4 Rxa4 24. Bc1 g6 25. Qh4 Rea8 26. Rf2 R8a6 27. Bh6 Qa8 28. Qg4
Ra3 29. Qd7 Bf8 30. Bg7 Ra7 31. Qg4 Bxg7 32. fxg7 Rxa2 33. Raxa2 Rxa2 34. Qd7
Rxf2+ 35. Kxf2 Kxg7 36. Qe7 Qb8 37. Qxc5 Qc7 38. Kf3 h5 39. h4 Kf6 40. Qf8 Qd7
41. Qh8+ Ke6 42. Qf8 Qd6 43. Qe8+ Kf6 44. Qh8+ Ke7 45. Qc8 Qf6+ 46. Kg2 Qe6 47.
Qc7+ Kf8 48. Qd8+ Kg7 49. Qc7 Qf6 50. Kg1 Kh7 51. Kg2 Kg8 52. Kg1 Qf3 53. Qxe5
Qxd3 54. Qe8+ Kg7 55. Qxc6 Qe3+ 56. Kf1 d3 57. Qd5 d2 58. Qe5+ Kh7 59. Qd5 Qf3+
60. Kg1 d1=Q+ 0-1

[Event "Titled Tue 20th May Late"]
[Site "chess.com INT"]
[Date "2025.05.20"]
[Round "3"]
[White "Donchenko, Alexander"]
[Black "Yurtseven, Melih"]
[Result "1-0"]
[WhiteTitle "GM"]
[BlackTitle "IM"]
[WhiteElo "2615"]
[BlackElo "2339"]
[WhiteFideId "24603295"]
[BlackFideId "6312160"]
[EventDate "2025.05.20"]

1. d4 Nf6 2. c4 e6 3. g3 c5 4. Nf3 cxd4 5. Nxd4 d5 6. Bg2 e5 7. Nf3 d4 8. O-O
Nc6 9. e3 Be7 10. exd4 exd4 11. Bf4 Be6 12. Ne5 Rc8 13. Nd2 O-O 14. Re1 h6 15.
Nxc6 bxc6 16. Nb3 c5 17. Rxe6 fxe6 18. Bb7 Qb6 19. Bxc8 Rxc8 20. Qe2 Kf7 21. Nc1
Nd7 22. Nd3 Bf6 23. h4 Kg8 24. Re1 Re8 25. Qh5 Kf8 26. Qg6 e5 27. Bc1 Qe6 28. b3
Qf7 29. Qh7 Qg8 30. Qe4 Qe6 31. Nf4 Qf7 32. Qh7 Qg8 33. Qe4 Qf7 34. Nd5 Kg8 35.
Qf5 Bd8 36. Qg4 Nf6 37. Nxf6+ Bxf6 38. Bxh6 Qe6 39. Qxe6+ Rxe6 40. Bc1 e4 41.
Kf1 Kf7 42. f3 e3 43. Ke2 Kg6 44. Kd3 Kf5 45. Re2 a5 46. Rg2 Ra6 47. a4 Rb6 48.
Kc2 Rb7 49. Ba3 Rd7 50. Kd3 Be7 51. g4+ Kf4 52. Rg1 Kxf3 53. Rf1+ Kg2 54. Rf7
Kg3 55. Bxc5 Rb7 56. Rxe7 Rxb3+ 57. Kxd4 Kf2 58. Kd5 Kf3 59. Rxe3+ Rxe3 60. Bxe3
Kxe3 61. c5 Kf4 62. c6 Kxg4 63. c7 1-0

[Event "Titled Tue 20th May Late"]
[Site "chess.com INT"]
[Date "2025.05.20"]
[Round "3"]
[White "Shukhman, Anna"]
[Black "Tamer Waguih, Farid"]
[Result "0-1"]
[WhiteTitle "WGM"]
[BlackTitle "FM"]
[WhiteElo "2413"]
[BlackElo "2206"]
[WhiteFideId "54180058"]
[BlackFideId "10685723"]
[EventDate "2025.05.20"]

1. e4 c5 2. Nf3 Nc6 3. Nc3 g6 4. d4 cxd4 5. Nxd4 Bg7 6. Be3 Nf6 7. Bc4 O-O 8.
Bb3 d6 9. f3 Bd7 10. Qd2 Nxd4 11. Bxd4 b5 12. g4 a5 13. a4 bxa4 14. Nxa4 Rb8 15.
h4 Rb4 16. Bc3 Nxe4 17. fxe4 Rxe4+ 18. Kf2 e5 19. Qxd6 Rf4+ 20. Ke1 Re4+ 21. Kd2
Bxa4 22. Qxd8 Rxd8+ 23. Kc1 Bxb3 24. cxb3 Rxg4 25. Rxa5 e4 26. h5 Bxc3 27. bxc3
Rg2 28. hxg6 hxg6 29. Re5 Rg3 30. Rxe4 Rxc3+ 31. Kb2 Rf3 32. Rb4 Rd2+ 33. Ka3
Kg7 34. Rb7 g5 35. Rg1 Kg6 36. Rb8 f6 37. Re1 Rf5 38. Rg8+ Kh5 39. Rg1 Re5 40.
b4 Rd3+ 41. Ka4 Rd4 42. Rh8+ Kg6 43. Rg8+ Kf5 44. Rf1+ Rf4 45. Rc1 Ree4 46. Rb8
g4 47. Ka5 g3 48. b5 g2 49. Rg8 Rg4 50. Rxg4 Kxg4 51. b6 Re5+ 52. Ka6 Kg3 53. b7
Re8 54. Rc8 Re6+ 55. Ka5 g1=Q 56. b8=Q+ Re5+ 57. Qxe5+ fxe5 58. Rg8+ Kf2 59.
Rxg1 Kxg1 60. Kb4 e4 61. Kc3 Kf2 0-1

[Event "Titled Tue 20th May Late"]
[Site "chess.com INT"]
[Date "2025.05.20"]
[Round "3"]
[White "Onur, Cigdem"]
[Black "Mohammed, Dilshad"]
[Result "0-1"]
[WhiteTitle "WCM"]
[WhiteElo "1966"]
[BlackElo "2079"]
[WhiteFideId "6346030"]
[BlackFideId "5050421"]
[EventDate "2025.05.20"]

1. e4 d6 2. d4 Nf6 3. Nc3 g6 4. Be3 Bg7 5. f3 O-O 6. Qd2 Nbd7 7. O-O-O e5 8.
Nge2 c6 9. g4 exd4 10. Nxd4 Ne5 11. h4 Nfxg4 12. fxg4 Bxg4 13. Be2 h5 14. Bh6 c5
15. Bxg7 Kxg7 16. Ndb5 Qa5 17. Bxg4 Nxg4 18. Nxd6 Rab8 19. Kb1 b5 20. Nd5 Qxd2
21. Rxd2 a6 22. Re1 c4 23. Ne3 Ne5 24. Rg2 Rb6 25. Ndf5+ Kh7 26. Nd5 Re6 27. Nd4
Rd6 28. Rf1 f5 29. exf5 Rxd5 30. fxg6+ Nxg6 31. Rfg1 Rxd4 32. Rxg6 Rf1+ 33. Rxf1
Kxg6 34. b3 Rxh4 35. Kb2 Re4 36. Kc3 a5 37. a4 b4+ 38. Kd2 cxb3 39. Kd3 Rg4 40.
cxb3 Rg3+ 41. Kc4 Rc3+ 42. Kb5 Rxb3 43. Kxa5 Rb2 44. Kb6 b3 45. a5 Ra2 46. a6 b2
47. a7 Ra1 48. a8=Q Rxa8 49. Rb1 Ra2 50. Kb5 h4 51. Kb4 Ra8 52. Kc3 Rb8 53. Kd3
h3 54. Ke3 h2 55. Kf3 h1=R 0-1

[Event "Titled Tue 20th May Late"]
[Site "chess.com INT"]
[Date "2025.05.20"]
[Round "3"]
[White "Bahmani, Koorosh"]
[Black "Gokerkan, Cem Kaan"]
[Result "0-1"]
[WhiteTitle "CM"]
[BlackTitle "GM"]
[WhiteElo "2208"]
[BlackElo "2489"]
[WhiteFideId "42576750"]
[BlackFideId "6336760"]
[EventDate "2025.05.20"]

1. Nf3 g6 2. g3 Bg7 3. d4 b5 4. Bg2 Bb7 5. Na3 a6 6. O-O Nf6 7. c4 b4 8. Nc2 a5
9. b3 O-O 10. a3 bxa3 11. Bxa3 d6 12. Bb2 Nbd7 13. Bc3 c5 14. d5 Re8 15. Qd3 h6
16. e4 e6 17. dxe6 Rxe6 18. Nd2 Ne5 19. Qe2 Nc6 20. Qd1 Nd7 21. Bxg7 Kxg7 22.
Nb1 Qf6 23. Qd2 Nb4 24. Nc3 Nxc2 25. Qxc2 Ne5 26. f4 Nc6 27. Nd5 Nd4 28. Qd3
Bxd5 29. cxd5 Ree8 30. Ra3 Reb8 31. Re1 Re8 32. h3 h5 33. h4 Ra7 34. Kh2 Rb7 35.
Re3 Rb4 36. Qd2 Rb5 37. Qd3 Reb8 38. e5 dxe5 39. fxe5 Qf2 40. Qe4 Rxb3 41. Raxb3
Rxb3 42. Rxb3 Nxb3 43. e6 Nd2 44. Qe5+ f6 45. Qc7+ Kh6 46. Qf4+ Qxf4 47. gxf4
Nc4 48. Bf1 Nd6 49. e7 a4 50. Bb5 a3 51. Bc4 Kg7 52. Ba2 Kf7 53. Kg3 Kxe7 54.
Kf3 Kd7 55. Ke3 Nf5+ 56. Kd3 Nxh4 57. Kc4 Kd6 58. Kb3 Ng2 59. Kxa3 h4 60. Bb1
Nxf4 61. Be4 f5 0-1

[Event "Titled Tue 20th May Late"]
[Site "chess.com INT"]
[Date "2025.05.20"]
[Round "3"]
[White "Toncheva, Nadya"]
[Black "Rudolph, Anna"]
[Result "1/2-1/2"]
[WhiteTitle "FM"]
[BlackTitle "WIM"]
[WhiteElo "2332"]
[BlackElo "2198"]
[WhiteFideId "2924056"]
[BlackFideId "14102404"]
[EventDate "2025.05.20"]

1. e4 Nf6 2. e5 Nd5 3. c4 Nb6 4. d4 d6 5. f4 dxe5 6. fxe5 Nc6 7. Be3 Bf5 8. Nc3
e6 9. Nf3 Be7 10. Be2 f6 11. exf6 Bxf6 12. O-O Qe7 13. a4 Nb4 14. Bf4 c6 15. a5
Nd7 16. Ne5 O-O-O 17. Nxd7 Rxd7 18. Qa4 Nc2 19. a6 Bxd4+ 20. Kh1 Nxa1 21. axb7+
Rxb7 22. Qxc6+ Kd8 23. Rxa1 Qd7 24. Bf3 Qxc6 25. Bxc6 Rxb2 26. Rd1 Ke7 27. Rxd4
h6 28. h3 Rd8 29. Rxd8 Kxd8 30. Be5 g5 31. Kh2 Rc2 32. Kg3 Ke7 33. Nb5 a6 34.
Bd6+ Kf7 35. Na3 Rc3+ 36. Kf2 Kf6 37. Ke2 e5 38. Kd2 Rb3 39. Ke2 Be6 40. Bd5
Bxd5 41. cxd5 a5 42. Nc4 a4 43. Bxe5+ Ke7 44. d6+ Ke6 45. Kd2 Rb4 46. Kc3 Rb3+
47. Kd4 Rb1 48. Kc5 Rc1 49. Bb2 Rc2 50. Ba3 Rxg2 51. Kb5 Rg3 52. Kxa4 Rxh3 53.
Nb6 Rxa3+ 54. Kxa3 Kxd6 55. Kb4 g4 56. Nc4+ Kd5 57. Ne3+ Ke4 58. Nxg4 h5 59.
Nf6+ Kf5 60. Nxh5 1/2-1/2

[Event "Titled Tue 20th May Late"]
[Site "chess.com INT"]
[Date "2025.05.20"]
[Round "3"]
[White "Rees, Ioan"]
[Black "Aravindh, Chithambaram VR."]
[Result "0-1"]
[WhiteTitle "FM"]
[BlackTitle "GM"]
[WhiteElo "2288"]
[BlackElo "2749"]
[WhiteFideId "1801236"]
[BlackFideId "5072786"]
[EventDate "2025.05.20"]

1. Nf3 Nf6 2. g3 g6 3. b3 Bg7 4. Bb2 O-O 5. Bg2 d6 6. d4 a5 7. O-O a4 8. b4 d5
9. a3 Nbd7 10. c4 dxc4 11. Nbd2 Nb6 12. Ne5 Be6 13. Qc2 c6 14. Ndxc4 Nxc4 15.
Nxc4 h5 16. Rad1 h4 17. e4 h3 18. Bh1 Qc7 19. Rd2 Rad8 20. Ne3 Bb3 21. Qc1 Nd7
22. f4 b5 23. d5 Qb6 24. Rdf2 Bxb2 25. Rxb2 cxd5 26. exd5 Nf6 27. Rbf2 Nxd5 28.
Nxd5 Bxd5 29. f5 Bc4 30. Re1 Rd7 31. Be4 Bb3 32. Qc5 Qxc5 33. bxc5 gxf5 34. Rxf5
Rfd8 35. Rg5+ Kf8 36. Rh5 Rd1 37. Kf2 R8d2+ 38. Re2 e6 39. c6 Rxe2+ 40. Kxe2 Rc1
41. Rxb5 f5 42. Bf3 Ke7 43. Rb7+ Kd6 44. Rd7+ Ke5 45. c7 Bd5 46. Bxd5 exd5 47.
Rh7 Ke4 48. Rh4+ Ke5 49. Rxh3 Rxc7 50. Rh4 Rc2+ 51. Kd3 Ra2 52. Rxa4 Rxh2 53. g4
Rh3+ 54. Ke2 f4 55. Kf2 Rh2+ 56. Kf3 Rh3+ 57. Kf2 d4 58. g5 Rh2+ 59. Kf3 Rh3+
60. Kf2 Rg3 61. Rb4 d3 62. a4 d2 63. Ke2 Rg2+ 64. Kd1 f3 0-1

[Event "Titled Tue 20th May Late"]
[Site "chess.com INT"]
[Date "2025.05.20"]
[Round "3"]
[White "Naranjo Moreno, Antonio"]
[Black "Jedryczka, Krystian"]
[Result "1-0"]
[WhiteTitle "FM"]
[WhiteElo "2289"]
[BlackElo "2084"]
[WhiteFideId "2278626"]
[BlackFideId "1109472"]
[EventDate "2025.05.20"]

1. e4 e5 2. Nf3 Nc6 3. Nc3 Nf6 4. d4 exd4 5. Nd5 Be7 6. Bf4 d6 7. Nxd4 Nxe4 8.
Nb5 O-O 9. Nbxc7 Rb8 10. Qf3 Bf5 11. O-O-O Ne5 12. Bxe5 Bg5+ 13. Bf4 Rc8 14.
Bxg5 Qxg5+ 15. Qe3 Qxe3+ 16. fxe3 a6 17. Ne7+ Kh8 18. Nxf5 Nf2 19. Nd5 Nxh1 20.
Nfe7 Rc5 21. b4 Nf2 22. bxc5 Nxd1 23. cxd6 Nf2 24. d7 Rd8 25. Nb6 Ne4 26. Bd3
Nc5 27. Bf5 g6 28. Bd3 Nxd7 29. Ned5 Ne5 30. Kd2 f5 31. Kc3 Ng4 32. h3 Nf2 33.
Kd4 Kg7 34. c4 Kf7 35. Bc2 Nh1 36. c5 Ng3 37. Bb3 Kg7 38. Ke5 Nf1 39. Nc4 Ng3
40. Nd6 Rb8 41. Ke6 Ne4 42. Nxe4 fxe4 43. Kd7 Rf8 44. Kc7 Rf7+ 45. Kb6 Rd7 46.
Nc7 Kf6 47. Kxb7 Ke5 48. c6 Re7 49. Kb6 Kd6 50. Nxa6 Re8 51. c7 Rc8 52. Kb7
Rxc7+ 53. Nxc7 Kc5 54. Ne6+ Kb4 55. Nf8 Kc3 56. Nxh7 Kd3 57. Nf8 Kxe3 58. Nxg6
Kd4 59. Bc2 e3 60. Nf4 Kc3 61. Bd1 Kd2 62. Be2 1-0